00444 2200181 4500001002100000005001500021008004100036020001800077035001900095041000700114082000800121090001400129100002600143245002100169260003700190300002000227650001500247INLIS00000000001896020241224115614241224||||||||| | ||| |||| || |  a979-752-220-2 0010-1224018960 aid0 a813 a813 HUM b0 aSarah Humaira (Aisha)00aBola Kecil Aisha aBandungbMizan Media Utamac2005 a32hlm;21,5x21cm 0anovel anak